[Event "Shumen Stojan Ivanov Memorial"]
[Site "Shumen"]
[Date "2023.07.28"]
[Round "1"]
[White "Shvenk, Denis"]
[Black "Dhulipalla, Bala Chandra Prasad"]
[Result "0-1"]
[WhiteElo "1261"]
[BlackElo "2422"]
[PlyCount "50"]
[EventDate "2023.07.28"]
[EventType "swiss (rapid)"]
[EventRounds "11"]
[EventCountry "BUL"]
[SourceTitle "CBM 215 Extra"]
[Source "ChessBase"]
[SourceDate "2023.09.30"]
[SourceVersion "1"]
[SourceVersionDate "2023.09.30"]
[SourceQuality "1"]

1. e4 e5 2. Nf3 Nc6 3. Bc4 Nf6 4. Ng5 d5 5. exd5 Na5 6. Bb5+ c6 7. dxc6 bxc6 8. Qf3 Be7 9. Ne4 Nd5 10. Ba4 f5 11. Nec3 e4 12. Qd1 0-0 13. Nxd5 cxd5 14. 0-0 f4 15. d3 f3 16. g3 Bd7 17. Bxd7 Qxd7 18. Kh1 Qh3 19. Rg1 Rf5 20. Qf1 Qg4 21. dxe4 dxe4 22. Nc3 Rh5 23. Bf4 Rf8 24. Nxe4 Rff5 25. b4 Rxh2+ 0-1